Länder Asiens - 30 Sekunden Sprint - Statistiken

Allgemein
  • Dieses Quiz wurde 135 mal gespielt
  • Das Durchschnittsergebnis liegt bei 13 aus 48
Antworten auf der Karte
Die Antworten werden auf der Karte rot bzw. grün angezeigt, abhängig davon wie oft sie richtig erraten wurden.
 
Antwortstatistiken
Country % Korrekt
China
79%
Indien
66%
Japan
66%
Iran
61%
Irak
58%
Mongolei
53%
Türkei
49%
Kasachstan
43%
Jemen
38%
Oman
38%
Indonesien
35%
Nepal
34%
Saudi-Arabien
34%
Südkorea
34%
Nordkorea
31%
Bhutan
29%
Laos
26%
Pakistan
26%
Israel
25%
Syrien
24%
Thailand
24%
Brunei
23%
Bahrain
21%
Taiwan
21%
Armenien
19%
Katar
19%
Libanon
19%
Usbekistan
19%
Vereinigte Arabische Emirate
19%
Vietnam
19%
Afghanistan
18%
Kuwait
15%
Malaysia
15%
Singapur
15%
Sri Lanka
15%
Zypern
15%
Georgien
13%
Jordanien
13%
Philippinen
13%
Myanmar
11%
Turkmenistan
11%
Aserbaidschan
10%
Kirgisistan
10%
Malediven
10%
Tadschikistan
9%
Bangladesch
8%
Timor-Leste
8%
Kambodscha
6%
Keine übereinstimmenden Quizze gefunden
Verteilung der Resultate
Anzahl Personen mit jedem Resultat
Perzentil nach korrekt beantworteten Fragen
Ihre Resultats-Entwicklung
Sie haben dieses Quiz noch nicht gespielt